Rent a third grader / (Record no. 1213)

MARC details
000 -LEADER
fixed length control field 01019nam a2200301 a 4500
005 - DATE AND TIME OF LATEST TRANSACTION
control field 20231124102851.0
020 ## - INTERNATIONAL STANDARD BOOK NUMBER
International Standard Book Number 078073002757
040 ## - CATALOGING SOURCE
Original cataloging agency DLC
Transcribing agency DLC
Modifying agency DLC
Language of cataloging eng
050 00 - LIBRARY OF CONGRESS CALL NUMBER
Classification number PZ7.H55778
Item number Re 1988
082 00 - DEWEY DECIMAL CLASSIFICATION NUMBER
Classification number 574
Edition number 20
100 1# - MAIN ENTRY--PERSONAL NAME
Personal name Hiller, B. B.
245 10 - TITLE STATEMENT
Title Rent a third grader /
Statement of responsibility, etc. by B.B. Hiller ; illustrations by Meredith Johnson.
250 ## - EDITION STATEMENT
Edition statement First Scholastic printing, September 1988
260 ## - PUBLICATION, DISTRIBUTION, ETC.
Place of publication, distribution, etc. New York :
Name of publisher, distributor, etc. Scholastic,
Date of publication, distribution, etc. 1988
300 ## - PHYSICAL DESCRIPTION
Extent 190 pages :
Other physical details illustrations ;
Dimensions 20 cm
490 ## - SERIES STATEMENT
Series statement Little apple
505 ## - FORMATTED CONTENTS NOTE
Formatted contents note R <br/>
520 ## - SUMMARY, ETC.
Summary, etc. Third grade students need to make some money. Unless they can come up with enough money to save Partner, the police horse will be pet food.
521 ## - TARGET AUDIENCE NOTE
Target audience note 670 <br/>
Source Lexile <br/>
521 ## - TARGET AUDIENCE NOTE
Target audience note R <br/>
Source Raz-Plus <br/>
650 #1 - SUBJECT ADDED ENTRY--TOPICAL TERM
Topical term or geographic name entry element Horses
General subdivision Fiction.
650 #1 - SUBJECT ADDED ENTRY--TOPICAL TERM
Topical term or geographic name entry element Business enterprises
General subdivision Fiction.
650 #1 - SUBJECT ADDED ENTRY--TOPICAL TERM
Topical term or geographic name entry element Schools
General subdivision Fiction.
700 1# - ADDED ENTRY--PERSONAL NAME
Personal name Johnson, Meredith
Relator term Illustrator
906 ## - LOCAL DATA ELEMENT F, LDF (RLIN)
a 7
b cbc
c orignew
d 2
e ncip
f 19
g y-gencatlg
942 ## - ADDED ENTRY ELEMENTS (KOHA)
Source of classification or shelving scheme Dewey Decimal Classification
Koha item type Books
Suppress in OPAC No
999 ## -
-- 1213
-- 1213
Holdings
Withdrawn status Lost status Source of classification or shelving scheme Damaged status Not for loan Collection Home library Current library Shelving location Date acquired Total Checkouts Full call number Barcode Date last seen Date last checked out Copy number Price effective from Koha item type
    Dewey Decimal Classification     Juvenile Fiction Footprints International School Library Network Toul Kork Campus Footprints International School Library Network Toul Kork Campus   08/08/2023 1 HIL 574 PZ7.H55778 FIS00724 02/06/2024 01/30/2024 1 08/08/2023 Books
    Dewey Decimal Classification     Juvenile Fiction Footprints International School Library Network Toul Kork Campus Footprints International School Library Network Toul Tom Poung Campus   08/08/2023 2 HIL 574 PZ7.H55778 2023-0208 12/19/2025 12/01/2025 2 08/08/2023 Books